000 01014nac a22003011i 4500
003 EG-ScBUE
005 20250806095937.0
008 250720t2007 enka f b 001 0 eng d
020 _a0470018658 (pbk. : alk. paper)
020 _a9780470018651 (pbk. : alk. paper)
035 _a(OCoLC)ocm70230778
035 _a(OCoLC)70230778
040 _aEG-ScBUE
_beng
_erda
_cEG-ScBUE
_dEG-ScBUE
082 0 4 _a546
_bMUL
_222
100 1 _aMüller, Ulrich,
_eauthor.
245 1 0 _aInorganic structural chemistry /
_cUlrich Müller, Philipps-Universität Marburg, Germany.
250 _aSecond edition.
264 1 _aChichester, England :
_bJohn Wiley & Sons, Ltd.,
_c[2007]
264 4 _cc2007
300 _ax, 268 pages :
_billustrations ;
_c26 cm
336 _2rdacontent
_atext
_btxt
337 _aunmediated
_2rdamedia
_bn
338 _avolume
_bnc
_2rdacarrier
504 _aIncludes bibliographical references and index.
650 7 _aChemistry, Inorganic.
_2BUEsh
655 _vReading book
942 _cBB
_2ddc
999 _c4373
_d4373